| 000 | 00339nam a22001217a 4500 | ||
|---|---|---|---|
| 999 |
_c9538 _d9538 |
||
| 003 | OSt | ||
| 008 | 201209b ||||| |||| 00| 0 eng d | ||
| 245 | _aProceedings Mathematical Sciences | ||
| 250 | _a2009(Jun Vol.119 No.3, Sep Vol.119 No.4, Nov Vol.119 No.5) | ||
| 260 |
_aBengaluru _bSpringer |
||
| 650 | _aApplied Science | ||
| 942 |
_2ddc _cBV |
||